000
00336 a2200157 4500
001
188624
020
_a
0-19-424342-7
040
_c
Magnum
100
_a
Hannam, Joyce
240
1
0
_a
The curse of the munny
_l
ING
245
1
0
_a
The curse of the munny
300
_a
44
362
0
_a
2004
697
_a
LITERATURA INGLESA
942
_c
BK
999
_c
188624
_d
188624